000 00434nam a2200181Ia 4500
008 240925s9999 xx 000 0 und d
020 _aNA
082 _a309.1549105 MOH
100 _aMohyuddin, Ghulam
245 0 _aISSB Tests
250 _aNA
260 _aLahore:
_bIlmi Kitab Khana
_cNA
300 _a260p.
_b0
_fOriginal
500 _aIncludes Index
600 _aSocial Sciences
650 _aSocial Sciences
942 _cBK
999 _c17934
_d17934